书目信息 |
| 题名: |
宋帝列传:宋孝宗
|
|
| 作者: | 陈国灿 著 | |
| 分册: | ||
| 出版信息: | 长春 吉林文史出版社 1996.01 |
|
| 页数: | 358页 | |
| 开本: | 32开 | |
| 丛书名: | ||
| 单 册: | ||
| 中图分类: | K204.2(44) | |
| 科图分类: | ||
| 主题词: | 中国--通史 | |
| 电子资源: | ||
| ISBN: | 7-80626-240-7 | |
| 000 | 00559nam0 2200193 45 | |
| 001 | 0011052088 | |
| 005 | 20001105204936.9 | |
| 010 | @a7-80626-240-7@d15.50元 | |
| 100 | @a20001105d1996 km y0chiy0120 ea | |
| 101 | 0 | @achi |
| 105 | @a z 000yy | |
| 200 | 1 | @a宋帝列传:宋孝宗@ASong Di Lie Chuan:Song Xiao Zong@f陈国灿著@FChen Guo Can Zhu |
| 210 | @a长春@c吉林文史出版社@d1996.01 | |
| 215 | @a358页@d32开 | |
| 606 | 0 | @a中国@x通史 |
| 690 | @aK204.2(44)@v3 | |
| 701 | 0 | @a陈国灿@4著 |
| 801 | @aCN@bPftUser@c20001105 | |
| 905 | @dK204.2(44)@eCH085@b198243-244@f2 | |
| 宋帝列传:宋孝宗/陈国灿著.-长春:吉林文史出版社,1996.01 |
| 358页;32开 |
| ISBN 7-80626-240-7:15.50元 |
| ● |
| 相关链接 |
|
|
|
正题名:宋帝列传:宋孝宗
索取号:K204.2(44)/CH085
 
预约/预借
| 序号 | 登录号 | 条形码 | 馆藏地/架位号 | 状态 | 备注 |
| 1 | 198243 | 201982435 | 社科库309/309社科库 106排6列2层/ [索取号:K204.2(44)/CH085] | 在馆 | |
| 2 | 198244 | 201982444 | 社科库309/309社科库 106排6列2层/ [索取号:K204.2(44)/CH085] | 在馆 |